[Event "AUTO-OPEN-4651"]
[Site "http://www.queenalice.com/game.php?id=1873041"]
[Date "2026.5.8"]
[Round "1"]
[White "princesher"]
[Black "zubarev"]
[Result "1-0"]
[WhiteElo "2065"]
[BlackElo "1955"]

1. e4 e5 2. a3 Nf6 3. d3 Be7 4. h3 d6 5. Be2 Nc6 6. Nf3 O-O 7. Bg5 Be6 8. Nc3
Rc8 9. Bxf6 Bxf6 10. b4 d5 11. O-O d4 12. Na2 a6 13. Qd2 Na7 14. c4 Qd6 15. Nc1
c5 16. Na2 Be7 17. bxc5 Qxc5 18. Qb4 Qc7 19. Qb2 f5 20. exf5 Bxf5 21. Nd2 Bg5
22. Nb3 Nc6 23. g4 Bg6 24. Nc5 Qe7 25. Nb3 Rcd8 26. f3 Bf4 27. Bd1 Bxd3 28. Be2
Bg6 29. Bd1 Bd3 30. Be2 Bg6 31. Bd1 d3 32. Qf2 Qg5 33. Kh1 Be3 34. Qg2 Nd4 35.
Nxd4 exd4 36. Nb4 d2 37. Nd5 Bd3 38. Be2 Bc2 39. Qg3 Rxd5 40. cxd5 Qxd5 41. Kg2
Kh8 42. Qc7 Bf4 43. Qxc2 Qg5 44. Rh1 Qh4 45. Qc5 Qg3+ 46. Kf1 Bd6 47. Qxd4 Be5
48. Qc5 Bd6 49. Qf2 Qe5 50. Kg2 Re8 51. Bd3 Qc3 52. Be4 Bc5 53. Qe2 Bxa3 54.
Rhd1 Bc1 55. Ra2 a5 56. Qb5 Rf8 57. Rxa5 Qe3 58. Qf1 Bb2 59. Rb5 Be5 60. Rxe5
Qc3 61. Rf5 Re8 62. Rd5 h6 63. R5xd2 1-0

[Event "AUTO-OPEN-4651"]
[Site "http://www.queenalice.com/game.php?id=1873042"]
[Date "2026.5.8"]
[Round "1"]
[White "zubarev"]
[Black "princesher"]
[Result "1/2-1/2"]
[WhiteElo "1965"]
[BlackElo "2057"]

1. d4 d5 2. Nc3 e6 3. Nf3 h6 4. Ne5 Bb4 5. Bd2 Bxc3 6. Bxc3 Nc6 7. Nxc6 bxc6 8.
e3 Bb7 9. Be2 Nf6 10. O-O Qd6 11. a3 Nd7 12. Bd2 c5 13. dxc5 Qxc5 14. Bf3 O-O
15. Bb4 Qb6 16. Bxf8 Nxf8 17. Bh5 Ba6 18. Re1 Qxb2 19. Qf3 g6 20. Bg4 h5 21. Bh3
Qxc2 22. Rac1 Qd2 23. Red1 Qa5 24. Qf6 Bc4 25. Rd4 Qxa3 26. Rcd1 Re8 27. g4 Nh7
28. Qh4 c5 29. R4d2 Bb3 30. Rb1 hxg4 31. Bxg4 f5 32. Bd1 c4 33. Bxb3 cxb3 34.
Rdb2 Rb8 35. Qf4 Rb7 36. Qe5 Kf7 37. Qc3 a5 38. Qc6 Qe7 39. Rxb3 Qg5+ 40. Kh1
Rxb3 41. Rxb3 Qg4 42. Rb7+ Kf6 43. Rxh7 Qf3+ 44. Kg1 Qg4+ 45. Kf1 Qd1+ 46. Kg2
Qg4+ 47. Kf1 Qd1+ 48. Kg2 Qg4+ 49. Kf1 1/2-1/2

[Event "AUTO-OPEN-4651"]
[Site "http://www.queenalice.com/game.php?id=1873043"]
[Date "2026.5.8"]
[Round "1"]
[White "princesher"]
[Black "Tonto"]
[Result "1-0"]
[WhiteElo "2047"]
[BlackElo "1964"]

1. e4 e5 2. a3 Nc6 3. Nf3 d6 4. h3 Be7 5. b4 a6 6. Bb2 Nf6 7. d3 O-O 8. Be2 b5
9. Qd2 Be6 10. Nc3 Nh5 11. Nh2 Nf4 12. O-O Nd4 13. Qd1 Bh4 14. Nf3 Nxh3+ 15.
gxh3 Qf6 16. Nxh4 Nxe2+ 17. Nxe2 Qxh4 18. Ng3 Bxh3 19. Re1 Bg4 20. Qd2 Rae8 21.
Bc1 Re6 22. Qg5 Qh3 23. Nf5 Bxf5 24. exf5 Rf6 25. Re3 Qxf5 26. Qxf5 Rxf5 27. Rg3
Re8 28. f3 h5 29. Bh6 g6 30. Kh2 h4 31. Rh3 Rh5 32. Be3 f5 33. Rg1 f4 34. Bf2
Kf7 35. Bxh4 Rg8 36. Rg5 Ke6 37. c4 bxc4 38. dxc4 c6 39. Rxh5 gxh5 40. Bf2 Rh8
41. a4 d5 42. cxd5+ Kxd5 43. a5 Kc4 44. Be1 Kd3 45. Kg2 e4 46. fxe4+ Kxe4 47.
Kf2 f3 48. Rxf3 h4 49. Rh3 Kf4 50. Kf1 Kg4 51. Rxh4+ Rxh4 52. Bxh4 Kxh4 53. Ke2
Kg4 54. Kd3 Kf5 55. Kd4 Ke6 56. Kc5 1-0

[Event "AUTO-OPEN-4651"]
[Site "http://www.queenalice.com/game.php?id=1873044"]
[Date "2026.5.8"]
[Round "1"]
[White "Tonto"]
[Black "princesher"]
[Result "0-1"]
[WhiteElo "2012"]
[BlackElo "2040"]

1. d4 d5 2. Nc3 e6 3. Bf4 a6 4. e3 h6 5. Nf3 g5 6. Bg3 Nc6 7. Be2 Bb4 8. O-O
Bxc3 9. bxc3 Nge7 10. Ne5 Nxe5 11. Bxe5 Rg8 12. Bh5 Nc6 13. Qf3 Nxe5 14. dxe5
Qe7 15. e4 c6 16. exd5 cxd5 17. Qd3 Rg7 18. c4 Qd7 19. Rfe1 dxc4 20. Qxc4 b5 21.
Qc5 Bb7 22. Rad1 Qc6 23. Qd6 Qxg2# 0-1

[Event "AUTO-OPEN-4651"]
[Site "http://www.queenalice.com/game.php?id=1873045"]
[Date "2026.5.8"]
[Round "1"]
[White "princesher"]
[Black "SGF"]
[Result "1-0"]
[WhiteElo "2062"]
[BlackElo "1726"]

1. e4 e5 2. a3 Qf6 3. d3 d6 4. h3 Be7 5. Nc3 c6 6. Nf3 h5 7. Bg5 Qg6 8. Bxe7
Nxe7 9. b4 a5 10. b5 cxb5 11. Nxb5 O-O 12. g3 Ra7 13. Nxa7 Bd7 14. c4 Na6 15.
Nb5 Bxb5 16. cxb5 Nc5 17. a4 f5 18. Nh4 Qg5 19. Nf3 Qg6 20. exf5 Qxf5 21. Be2 b6
22. Rh2 g5 23. Qc2 Nd5 24. Qc4 e4 25. dxe4 Nxe4 26. Nd4 Qe5 27. Ra3 Nxf2 28.
Rxf2 Rxf2 29. Kxf2 g4 30. h4 Kg7 31. Nc6 Qe6 32. Qd4+ Qf6+ 33. Qxf6+ Nxf6 34.
Ne7 Kf7 35. Nc8 Nd5 36. Nxd6+ Ke6 37. Ne8 Nf6 38. Nxf6 Kxf6 39. Rc3 Ke5 40. Rc6
Kd5 41. Rxb6 Kc5 42. Ra6 Kb4 43. Bd1 Kc5 44. Rxa5 Kb6 45. Ra6+ Kc5 46. Rh6 Kb4
47. b6 Ka5 48. b7 Kb4 49. b8=Q+ Ka3 50. Qb3# 1-0

[Event "AUTO-OPEN-4651"]
[Site "http://www.queenalice.com/game.php?id=1873046"]
[Date "2026.5.8"]
[Round "1"]
[White "SGF"]
[Black "princesher"]
[Result "1-0"]
[WhiteElo "1685"]
[BlackElo "2077"]

1. e4 e5 2. Qf3 c6 3. Bc4 Qe7 4. Ne2 a6 5. d3 h6 6. h4 Qf6 7. Qxf6 Nxf6 8. a4 b5
9. axb5 cxb5 10. Bd5 Nxd5 11. exd5 Bb4+ 12. c3 Bc5 13. b4 Be7 14. g4 d6 15. Ng3
Bb7 16. c4 bxc4 17. dxc4 Nd7 18. Nf5 Bf8 19. O-O g6 20. Ne3 Bg7 21. Bb2 O-O 22.
Nd2 Bf6 23. Nf3 e4 24. Bxf6 Nxf6 25. Nd4 h5 26. g5 Ng4 27. Nxg4 hxg4 28. b5 axb5
29. Rxa8 Rxa8 30. Nxb5 Rd8 31. Re1 f5 32. gxf6 Kf7 33. Rxe4 Bc8 34. Rf4 Bf5 35.
Nd4 Kxf6 36. h5 gxh5 37. Rxf5+ Kg6 38. Kg2 Rc8 39. Nc6 Rc7 40. Rf8 Kg7 41. Rd8
Rb7 42. Rxd6 Rb3 43. Rd7+ Kf6 44. d6 Rc3 45. Na5 Ke6 46. Rd8 Ra3 47. Nb7 Rc3 48.
c5 h4 49. Rh8 h3+ 50. Kh2 Rc2 51. Kg3 Kd7 52. Rh7+ Kc6 53. d7 Rd2 54. d8=Q Rxd8
55. Nxd8+ Kxc5 56. Kxg4 Kd4 57. f4 Ke4 58. f5 Ke5 59. Rxh3 Kf6 60. Rh6+ Ke7 61.
Nc6+ Kf7 62. f6 Ke6 63. Kg5 Kf7 64. Rh7+ Kg8 65. Kg6 Kf8 66. Rh8# 1-0

[Event "AUTO-OPEN-4638"]
[Site "http://www.queenalice.com/game.php?id=1873102"]
[Date "2026.5.8"]
[Round "2"]
[White "alvm"]
[Black "princesher"]
[Result "1-0"]
[WhiteElo "2221"]
[BlackElo "2053"]

1. d4 d5 2. c4 dxc4 3. Nf3 Nd7 4. e4 b5 5. a4 c6 6. axb5 cxb5 7. b3 Nb6 8. bxc4
Nxc4 9. Nc3 a6 10. Nxb5 Nb6 11. Nc3 Bb7 12. Bd3 h6 13. O-O e6 14. Be3 Bb4 15.
Na4 Nd7 16. Rb1 Qa5 17. Nd2 Ne7 18. Nc4 Qc7 19. Rxb4 O-O 20. Qg4 Nf6 21. Qh4 Ng6
22. Qh3 Kh7 23. Nc3 Qe7 24. Rfb1 Bc6 25. e5 Nd5 26. Nxd5 Bxd5 27. Nb6 a5 28.
Nxd5 exd5 29. Rb7 Qd8 30. e6 Qf6 31. R1b6 fxe6 32. Qxh6+ Kg8 33. Qxg6 Qxg6 34.
Bxg6 a4 35. Rxe6 a3 36. Ree7 Rf6 37. Rxg7+ Kf8 38. Bh7 Ke8 39. Rg8+ Rf8 40. Bg6+
Kd8 41. Rxf8# 1-0

[Event "AUTO-OPEN-4638"]
[Site "http://www.queenalice.com/game.php?id=1873103"]
[Date "2026.5.8"]
[Round "2"]
[White "princesher"]
[Black "alvm"]
[Result "0-1"]
[WhiteElo "2063"]
[BlackElo "2214"]

1. e4 c6 2. d4 d5 3. h3 dxe4 4. c3 Nf6 5. b4 Bf5 6. g4 Bg6 7. Na3 e6 8. Bg5 Be7
9. Bxf6 Bxf6 10. Ne2 Nd7 11. Bg2 O-O 12. Nc4 e5 13. dxe5 Nxe5 14. Qxd8 Rfxd8 15.
Nxe5 Bxe5 16. O-O Rd2 17. Rfe1 Rad8 18. a4 h5 19. g5 b6 20. f3 e3 21. f4 Bc7 22.
Bxc6 Bd3 23. Bf3 Bxe2 24. Bxe2 Bxf4 25. Bxh5 g6 26. Bg4 Bxg5 27. Kf1 Rf2+ 28.
Kg1 Rdd2 29. b5 f5 30. Bd1 f4 31. Bb3+ Kg7 32. Rad1 f3 33. Rxd2 Rxd2 34. Kf1 Rh2
35. Kg1 Bf4 36. Rd1 e2 37. Rd7+ Kh6 38. Rd1 f2# 0-1

[Event "AUTO-OPEN-4638"]
[Site "http://www.queenalice.com/game.php?id=1873110"]
[Date "2026.5.8"]
[Round "2"]
[White "princesher"]
[Black "EduardoRo"]
[Result "1-0"]
[WhiteElo "2055"]
[BlackElo "1687"]

1. e4 e5 2. a3 Nf6 3. d3 Bc5 4. b4 Bd4 5. c3 Bb6 6. Bg5 O-O 7. Nf3 d6 8. h3 Nc6
9. Be2 a5 10. b5 Na7 11. a4 c5 12. c4 Be6 13. Nc3 Nc8 14. Nh2 Bc7 15. Bg4 Bxg4
16. Nxg4 b6 17. Nxf6+ gxf6 18. Bh6 Re8 19. Qg4+ 1-0

[Event "AUTO-OPEN-4638"]
[Site "http://www.queenalice.com/game.php?id=1873111"]
[Date "2026.5.8"]
[Round "2"]
[White "EduardoRo"]
[Black "princesher"]
[Result "0-1"]
[WhiteElo "1690"]
[BlackElo "2053"]

1. e4 e5 2. Nf3 d6 3. Bc4 h6 4. O-O Be7 5. d4 Bg4 6. d5 a6 7. Nc3 b5 8. Be2 Nf6
9. Nh4 Bxe2 10. Qxe2 g6 11. Nf3 g5 12. b4 Qd7 13. a3 c6 14. dxc6 Qxc6 15. Bd2
Nbd7 16. Qe3 Nb6 17. Rac1 Nc4 18. Qe2 Nxa3 19. Qd3 Nc4 20. Nd5 Nxd5 21. c3 Nxd2
22. Nxd2 Nf4 23. Qf3 f6 24. c4 h5 25. c5 g4 26. Qe3 dxc5 27. bxc5 h4 28. Nb3 a5
29. Rfd1 a4 30. Nd4 exd4 31. Qxf4 Rg8 32. Rxd4 Bxc5 33. Rd5 Rd8 34. Rxd8+ Kxd8
35. Rd1+ Kc8 36. Qf5+ Kb8 37. Qh7 Re8 38. Qxh4 Qe6 39. Qg3+ Kb7 40. h3 gxh3 41.
gxh3 Rg8 42. Qxg8 Qxg8+ 0-1

[Event "AUTO-ADV-4918"]
[Site "http://www.queenalice.com/game.php?id=1873280"]
[Date "2026.5.12"]
[Round "2"]
[White "princesher"]
[Black "oniwa"]
[Result "1-0"]
[WhiteElo "2062"]
[BlackElo "1924"]

1. e4 e5 2. a3 Nf6 3. d3 d5 4. Bg5 dxe4 5. Bxf6 gxf6 6. dxe4 Qxd1+ 7. Kxd1 Bg4+
8. f3 Bh5 9. g4 Bg6 10. Nc3 Nc6 11. Bd3 O-O-O 12. Nge2 h5 13. h3 hxg4 14. fxg4
Bh6 15. Nd5 Rd6 16. Nec3 Nd4 17. Ne7+ Kb8 18. Nxg6 fxg6 19. h4 Bf4 20. Ne2 Nxe2
21. Kxe2 a6 22. a4 c6 23. c4 Rhd8 24. Rad1 Rd4 25. b3 Kc7 26. h5 gxh5 27. Rxh5
Kb6 28. b4 Ra8 29. a5+ Ka7 30. Rdh1 Rad8 31. R1h3 b6 32. Rh7+ R4d7 33. Rxd7+
Rxd7 34. axb6+ Kxb6 35. c5+ Kc7 36. Bxa6 Kb8 37. Rd3 Ra7 38. Bc4 Ra2+ 39. Bxa2
1-0

[Event "AUTO-ADV-4918"]
[Site "http://www.queenalice.com/game.php?id=1873281"]
[Date "2026.5.12"]
[Round "2"]
[White "oniwa"]
[Black "princesher"]
[Result "0-1"]
[WhiteElo "1907"]
[BlackElo "2072"]

1. e4 e5 2. Nf3 d6 3. Bb5+ c6 4. Ba4 Bg4 5. d3 h6 6. Nc3 b5 7. Bb3 Nf6 8. h3
Bxf3 9. Qxf3 a5 10. a4 b4 11. Ne2 Be7 12. Ng3 g6 13. h4 Nbd7 14. h5 g5 15. Nf5
Rh7 16. Be3 g4 17. Qg3 Bf8 18. d4 Nxh5 19. Rxh5 Nf6 20. Rh4 exd4 21. Bxd4 h5 22.
Qe3 c5 23. Bxf6 Qxf6 24. O-O-O Bh6 25. f4 gxf3 26. Rf4 Bxf4 27. Qxf4 fxg2 28.
Rg1 Qg6 29. Nxd6+ Kf8 30. Nf5 Rd8 31. Nh4 Qh6 32. Qxh6+ Rxh6 33. Rxg2 Rf6 34.
Nf5 Rg6 35. Rxg6 fxg6 36. Nh4 g5 37. Nf5 h4 38. Ne3 h3 39. Be6 h2 0-1

[Event "AUTO-ADV-4918"]
[Site "http://www.queenalice.com/game.php?id=1873282"]
[Date "2026.5.12"]
[Round "2"]
[White "princesher"]
[Black "Fauquinelle"]
[Result "0-1"]
[WhiteElo "2078"]
[BlackElo "2077"]

1. e4 c6 2. d4 d5 3. e5 Bf5 4. Nd2 e6 5. a3 c5 6. c3 Nc6 7. Bb5 a6 8. Bxc6+ bxc6
9. h3 cxd4 10. cxd4 Bd3 11. b4 f6 12. Ndf3 Bc4 13. Ne2 Be7 14. O-O Qc7 15. Bb2
fxe5 16. Nxe5 Bxe2 17. Qxe2 Nf6 18. Qc2 Rc8 19. Qd3 Qb6 20. f4 g6 21. g4 Nd7 22.
Nxd7 Kxd7 23. g5 Rhf8 24. Kg2 Bd6 25. Kg3 Rf5 26. h4 Qb5 27. Rad1 Rcf8 28. Qxb5
cxb5 29. Bc1 Rc8 30. Rd3 Rc4 31. Be3 Rf8 32. Rc1 Kc6 33. Rxc4+ bxc4 34. Rc3 Kb5
35. Kg4 a5 36. bxa5 Kxa5 37. Bc1 Rf7 38. Be3 Ka4 39. Bc1 Rb7 40. h5 Rb3 41. Rc2
Bxa3 42. Bd2 Bb2 43. hxg6 hxg6 44. Be1 Bxd4 45. Re2 Rb6 46. Ra2+ Kb3 47. Ra8 e5
48. fxe5 Bxe5 49. Re8 Bc7 50. Re3+ Ka4 51. Re7 Bd6 52. Re6 Bc5 53. Re8 d4 54.
Rc8 Kb5 55. Ra8 c3 56. Ra2 Kc4 57. Ra4+ Rb4 58. Ra6 d3 59. Rxg6 d2 60. Bxd2 Kd3+
61. Bf4 Be3 62. Rd6+ Ke2 63. Kh5 Bxf4 64. Re6+ Kd1 65. g6 Rb5+ 66. Kg4 c2 67.
Rc6 c1=Q 68. Rxc1+ Bxc1 69. Kh4 Rg5 70. Kh3 Bf4 71. Kh4 Rxg6 72. Kh5 Rg7 73. Kh4
Ke2 74. Kh5 Kf3 75. Kh4 Rh7# 0-1

[Event "AUTO-ADV-4918"]
[Site "http://www.queenalice.com/game.php?id=1873283"]
[Date "2026.5.12"]
[Round "2"]
[White "Fauquinelle"]
[Black "princesher"]
[Result "0-1"]
[WhiteElo "2102"]
[BlackElo "2060"]

1. d4 d5 2. c4 dxc4 3. Nf3 b5 4. a3 h6 5. Bd2 Nd7 6. a4 c6 7. axb5 cxb5 8. b3
Nb6 9. bxc4 Nxc4 10. Bc3 Nf6 11. Na3 Nxa3 12. Rxa3 a5 13. e3 Bd7 14. Qb1 b4 15.
Bxb4 axb4 16. Rxa8 Qxa8 17. Be2 e6 18. O-O Be7 19. Ne5 O-O 20. Bf3 Qa3 21. Nc4
Qa4 22. Rc1 b3 23. Nb6 Qa2 24. Qxa2 bxa2 25. Ra1 Bb5 26. Rxa2 Rb8 27. Na8 Bc4
28. Ra1 Nh7 29. g3 Ng5 30. Bg2 Bd3 31. h4 Nh7 32. d5 Rb1+ 33. Rxb1 Bxb1 34. dxe6
fxe6 35. Nb6 Kf7 36. Nd7 Bd6 37. f4 Ke7 38. Ne5 Kf6 39. Nc4 Bc5 40. Kf2 Ba2 41.
Ne5 Bd6 42. Ng4+ Kf5 43. Nh2 h5 44. e4+ Kg6 45. Kf3 Kf7 46. g4 hxg4+ 47. Nxg4
Bb3 48. Ne3 Bc5 49. Bh3 Bxe3 50. Kxe3 Kg6 51. f5+ exf5 52. Bxf5+ Kh6 53. Bxh7
Kxh7 54. Kf4 Kh6 55. e5 g6 56. Kg3 Kh5 0-1